| 000 | 00899cam a2200313 4500 | ||
|---|---|---|---|
| 001 | ABS62625 | ||
| 008 | 000000n2000 000 0 eng u | ||
| 035 | _a(Sirsi) u107430 | ||
| 100 | _aDelargy, M. | ||
| 245 | _aTreasure islands | ||
| 260 | _c2000 | ||
| 490 |
_aBuilding _v(29) 21 July 2000, 38-43(6) |
||
| 520 | _aInternational salary guide by Hays Montrose. The Caribbean offers some of the best opportunities with a large number of jobs, and high salaries. Also lists the pay and benefits of nine other locations worldwide. | ||
| 590 | _aABS | ||
| 650 | _aLEAGUE TABLES | ||
| 650 | _aSALARY SURVEYS | ||
| 650 | _aEGYPT | ||
| 650 | _aHAYS MONTROSE | ||
| 650 | _aHONG KONG | ||
| 650 | _aCHINA | ||
| 650 | _aTHAILAND | ||
| 650 | _aPOLAND | ||
| 650 | _aSPAIN | ||
| 650 | _aFRANCE | ||
| 650 | _aNETHERLANDS | ||
| 650 | _aGERMANY | ||
| 690 | _aINTERNATIONAL | ||
| 942 | _n0 | ||
| 999 |
_c64218 _d64218 |
||